00299nam a2200097Ia 4500008004100000020001400041100002100055245006200076260004500138300001800183180205s9999 xx 000 0 und d a781738180 aBickley, Lynn S. aPocket guide to physical examination and history taking / aUSAbLippincott williams & wilkinsc2004 avi, 376 pages